| 000 | 00766nam a2200217 i 4500 | ||
|---|---|---|---|
| 001 | 136854 | ||
| 003 | ES-MaACL | ||
| 005 | 20231230063004.0 | ||
| 007 | t| | ||
| 008 | 070214s1971 sp a |||| |dspa d | ||
| 080 | _a929:821.134.2"18/19" | ||
| 100 | 1 |
_aSainz de Robles, Federico Carlos, _d1898-1982 _9101593 |
|
| 245 | 1 | 0 |
_aRaros y olvidados _b: (la promoción de "El cuento semanal") / _cFederico Carlos Sainz de Robles ; caricaturas de Manuel Tovar... [et al.]. |
| 260 |
_aMadrid : _bPrensa Española, _c1971. |
||
| 300 |
_a174 p. : _bil. ; _c22 cm. |
||
| 650 | 4 |
_aEscritores españoles- _yS.XIX. _9145488 |
|
| 700 | 0 |
_aTovar _c, ilustrador. _9157378 |
|
| 740 | 3 | _aLa promoción de El cuento semanal. | |
| 852 |
_aES-MaACL _jC-44611 |
||
| 999 |
_c136854 _d136854 |
||